Archeologické prameny k mladší a pozdní době halštatské a k době laténské ve sbírkách bývalých městských muzeí v Bílině a v Duchcově /

Main Author: Budinský, Petr, 1938-
Language: Czech
Published: Teplice : Regionální muzeum, 2001
Series: Archeologický výzkum v severních Čechách
Physical Description: 190 s., lvii s. obr. příl. : mapy ; 29 cm
Language note: Německé resumé
Book
Saved in:
LEADER 01962nam a2200505 a 4500
001 000632838
003 CZ BrMZK
005 20090522102658.0
007 ta
008 021024s2001 xr abf f 000 0 cze d
015 |a cnb001174747 
020 |a 80-85321-27-0 
035 |a (OCoLC)53273723 
040 |a BOA001  |b cze 
041 0 |a cze  |b ger 
043 |a e-xr---  |b e-xr-us  |2 czenas  |b e-xr-cc  |2 czenas 
072 7 |a 902  |x Archeologie  |2 Konspekt  |9 8 
080 |a 069(1-24)  |2 MRF 
080 |a 902:069.5  |2 MRF 
080 |a 069.5  |2 MRF 
080 |a 903"6383/6385"  |2 MRF 
080 |a 903"6387"  |2 MRF 
080 |a (437.315)  |2 MRF 
080 |a (437.31-17)  |2 MRF 
080 |a (083.8)  |2 MRF 
100 1 |a Budinský, Petr,  |d 1938-  |7 jk01020160  |4 aut 
245 1 0 |a Archeologické prameny k mladší a pozdní době halštatské a k době laténské ve sbírkách bývalých městských muzeí v Bílině a v Duchcově /  |c Peter Budinský 
260 |a Teplice :  |b Regionální muzeum,  |c 2001 
300 |a 190 s., lvii s. obr. příl. :  |b mapy ;  |c 29 cm 
490 1 |a Archeologický výzkum v severních Čechách ;  |v sv. 30 
504 |a Obsahuje bibliografii 
546 |a Německé resumé 
650 0 7 |a regionální muzea  |7 ph125080  |z Česko  |2 czenas 
650 0 7 |a archeologické sbírky  |7 ph117095  |z Česko  |2 czenas 
650 0 7 |a muzejní sbírky  |7 ph137908  |z Česko  |2 czenas 
655 7 |a soupisy  |7 fd133560  |2 czenas 
610 2 7 |a Regionální muzeum (Teplice, Česko)  |7 olak2002158651  |2 czenas 
651 7 |a Bílina (Česko)  |7 ge128888  |2 czenas 
651 7 |a Duchcov (Česko)  |7 ge129098  |2 czenas 
651 7 |a Čechy severní (Česko)  |7 ge131650  |y doba halštatská  |2 czenas 
651 7 |a Čechy severní (Česko)  |7 ge131650  |y doba laténská  |2 czenas 
830 0 |a Archeologický výzkum v severních Čechách  |0 s 
910 |a BOA001  |b 3-1107.998 
990 |a BK 
996 6 |b 2610172886  |c 3-1107.998  |l MZK  |r Sklad / do 1 hodiny  |n 1  |p p.v.  |w 000632838  |u 000010  |a 1  |e BOA001  |j MZK50  |s P